书目信息 |
| 题名: |
会计学原理
|
|
| 作者: | 夏贵华 主编 | |
| 分册: | ||
| 出版信息: | 北京 对外经济贸易大学出版社 2005.08 |
|
| 页数: | 306页 | |
| 开本: | 26cm | |
| 丛书名: | ||
| 单 册: | ||
| 中图分类: | F230 | |
| 科图分类: | ||
| 主题词: | 会计学--kuai ji xue--高等学校 : 技术学校--教材 | |
| 电子资源: | ||
| ISBN: | 7-81078-547-8 | |
| 000 | 00843nam0 2200229 450 | |
| 001 | 012006604365 | |
| 005 | 20060628151535.26 | |
| 010 | @a7-81078-547-8@dCNY34.00 | |
| 100 | @a20060611d2005 km y0chiy0120 ea | |
| 101 | 0 | @achi |
| 102 | @aCN@b110000 | |
| 105 | @aa z 000yy | |
| 200 | 1 | @a会计学原理@Akuai ji xue yuan li@f夏贵华主编@Fxia gui hua zhu bian |
| 210 | @a北京@c对外经济贸易大学出版社@d2005.08 | |
| 215 | @a306页@c图@d26cm | |
| 300 | @a21世纪高职高专新概念(财经类)系列教材 | |
| 330 | @a本书共三编16章,内容包括:会计学原理概述、会计核算方法、会计管理工作和会计工作的发展方向,每章附有学习目标、重点难点,课后有个案分析、关键名词、讨论和思考。 | |
| 606 | 0 | @a会计学@Akuai ji xue@x高等学校 : 技术学校@j教材 |
| 690 | @aF230@v4 | |
| 701 | 0 | @a夏贵华@Axia gui hua@4主编 |
| 801 | 0 | @aCN@bQSSK@c20060628 |
| 905 | @a10447@dF230@eX184 | |
| 会计学原理/夏贵华主编.-北京:对外经济贸易大学出版社,2005.08 |
| 306页:图;26cm |
| 21世纪高职高专新概念(财经类)系列教材 |
| ISBN 7-81078-547-8:CNY34.00 |
| 本书共三编16章,内容包括:会计学原理概述、会计核算方法、会计管理工作和会计工作的发展方向,每章附有学习目标、重点难点,课后有个案分析、关键名词、讨论和思考。 |
| ● |
| 相关链接 |
|
|
|
正题名:会计学原理
索取号:F230/X184
 
预约/预借
| 序号 | 登录号 | 条形码 | 馆藏地/架位号 | 状态 | 备注 |
| 1 | 583273 | 205832731 | 社科二线422/422社科库 12排2列2层/ [索取号:F230/X184] | 在馆 | |
| 2 | 583274 | 205832740 | 社科库409/409社科库 75排3列1层/ [索取号:F230/X184] | 在馆 | |
| 3 | 583275 | 205832759 | 社科二线422/422社科库 12排2列2层/ [索取号:F230/X184] | 在馆 |